Capitals of Europe by Flag - Statistics

General Stats
  • This quiz has been taken 17 times
    16 since last reset
  • The average score is 20 of 41
Answer Stats
Picture Answer % Correct
Berlin
85%
Dublin
85%
San Marino
85%
Bern
77%
London
77%
Paris
77%
Lisbon
69%
Moscow
69%
Warsaw | Prague
69%
Kyiv
62%
Oslo
62%
Rome
62%
Amsterdam
54%
Athens
54%
Budapest
54%
Madrid
54%
Brussels
46%
Bucharest
46%
Sofia
46%
Vienna
46%
Belgrade
38%
Bratislava
38%
Chișinău
38%
Luxembourg
38%
Stockholm
38%
Vaduz
38%
Zagreb
38%
Andorra la Vella
31%
Helsinki
31%
Ljubljana
31%
Minsk
31%
Podgorica
31%
Pristina
31%
Reykjavík
31%
Riga
31%
Sarajevo
31%
Skopje
31%
Tallinn
31%
Tirana
31%
Vilnius
31%
Valletta
23%
No matching quizzes found
Score Distribution
Percent of People with Each Score
Percentile by Number Answered
Your Score History
You have not taken this quiz since the last reset